Southville International School and Colleges
Your cart is empty.
  • Cart
  • Lists
    Public lists Eva Luna New books Lux_list list_1
    Your lists Log in to create your own lists
  • Log in to your account
  • Your cookies
  • Search history
Southville International School and Colleges
  • Advanced search
  • Recent comments
  • Most popular
  • Libraries

Log in to your account

Log in with GOOGLE


If you do not have an external account, but do have a local account, you can still log in:

  1. Home
  2. MARC view: In our image :
Normal view MARC view ISBD view

In our image : (Record no. 2485)

[ view plain ]
MARC details
000 -LEADER
fixed length control field 00634nam a22002177a 4500
003 - CONTROL NUMBER IDENTIFIER
control field DEla salle
005 - DATE AND TIME OF LATEST TRANSACTION
control field 20140310181733.0
008 - FIXED-LENGTH DATA ELEMENTS--GENERAL INFORMATION
fixed length control field 130319t xxu||||| |||| 00| 0 eng d
020 ## - INTERNATIONAL STANDARD BOOK NUMBER
International Standard Book Number 0345328167
050 ## - LIBRARY OF CONGRESS CALL NUMBER
Classification number DS 685
Item number .K18 1989
082 ## - DEWEY DECIMAL CLASSIFICATION NUMBER
Classification number TR 959.9
Item number Ka11 1989
100 ## - MAIN ENTRY--PERSONAL NAME
Personal name Karnow, Stanley
9 (RLIN) 1837
245 ## - TITLE STATEMENT
Title In our image :
Remainder of title America's empire in the Philippines /
Statement of responsibility, etc Stanley Karnow
260 ## - PUBLICATION, DISTRIBUTION, ETC. (IMPRINT)
Place of publication, distribution, etc New York :
Name of publisher, distributor, etc Ballantine Books,
Date of publication, distribution, etc c1989
300 ## - PHYSICAL DESCRIPTION
Extent xii, 494 p.
Other physical details ill.
Dimensions 25 cm.
521 ## - TARGET AUDIENCE NOTE
Target audience note
541 ## - IMMEDIATE SOURCE OF ACQUISITION NOTE
-- 1
562 ## - COPY AND VERSION IDENTIFICATION NOTE
Number of copies 1
650 ## - SUBJECT ADDED ENTRY--TOPICAL TERM
Topical term or geographic name as entry element Philippines
General subdivision History
-- 1898
-- 1946
9 (RLIN) 1838
942 ## - ADDED ENTRY ELEMENTS (KOHA)
Source of classification or shelving scheme Library of Congress Classification
Koha item type
Call number prefix
Holdings
Withdrawn status Lost status Source of classification or shelving scheme Damaged status Home library Current library Shelving location Date acquired Total Checkouts Full call number Barcode Date last seen Copy number Price effective from Koha item type
    Library of Congress Classification   Luxembourg Library Luxembourg Library Teachers Reference Section 07/18/2013   DS 685 .K18 1989 18506 08/13/2013 1 10/03/2013 Books

In our image :

APA

Karnow S., . (1989). In our image. New York: Ballantine Books.

Chicago

Karnow Stanley, . 1989. In our image. New York: Ballantine Books.

Harvard

Karnow S., . (1989). In our image. New York: Ballantine Books.

MLA

Karnow Stanley, . In our image. New York: Ballantine Books. 1989.

  • Place hold
  • Print
  • Cite
  • Add to your cart (remove)
  • Save record
    BIBTEX Dublin Core MARCXML MARC (non-Unicode/MARC-8) MARC (Unicode/UTF-8) MARC (Unicode/UTF-8, Standard) MODS (XML) RIS
  • More searches
    Search for this title in:
    Other Libraries (WorldCat) Other Databases (Google Scholar) Online Stores (Bookfinder.com) Open Library (openlibrary.org)

Exporting to Dublin Core...

SOUTHVILLE LIBRARY

Southville International School and Colleges Library

1281 Tropical Ave. Cor. Luxembourg St., BF Homes International, Las Pinas City

Tel. No. 8256374 / 252358 Loc. 117/146

Powered by Koha